Retail management :a strategic approach. / (Record no. 980)
[ view plain ]
| 000 -LEADER | |
|---|---|
| fixed length control field | 01983cam a22003018a 4500 |
| 001 - CONTROL NUMBER | |
| control field | 14169112 |
| 005 - DATE AND TIME OF LATEST TRANSACTION | |
| control field | 20210414113946.0 |
| 008 - FIXED-LENGTH DATA ELEMENTS--GENERAL INFORMATION | |
| fixed length control field | 051115s2006 nju b 001 0 eng |
| 010 ## - LIBRARY OF CONGRESS CONTROL NUMBER | |
| LC control number | 2005057977 |
| 020 ## - INTERNATIONAL STANDARD BOOK NUMBER | |
| International Standard Book Number | 0131870165 |
| 040 ## - CATALOGING SOURCE | |
| Original cataloging agency | DLC |
| Transcribing agency | DLC |
| 042 ## - AUTHENTICATION CODE | |
| Authentication code | pcc |
| 050 00 - LIBRARY OF CONGRESS CALL NUMBER | |
| Classification number | HF5429.B45 |
| 082 00 - DEWEY DECIMAL CLASSIFICATION NUMBER | |
| Classification number | 658.8/7 |
| Edition number | 22 |
| 100 1# - MAIN ENTRY--PERSONAL NAME | |
| Personal name | Berman, Barry. |
| 245 10 - TITLE STATEMENT | |
| Title | Retail management :a strategic approach. / |
| Statement of responsibility, etc. | Barry Berman, Joel R. Evans. |
| 250 ## - EDITION STATEMENT | |
| Edition statement | 10th ed. |
| 260 ## - PUBLICATION, DISTRIBUTION, ETC. | |
| Place of publication, distribution, etc. | Upper Saddle River, NJ : |
| Name of publisher, distributor, etc. | Palgrave Macmillan, |
| Date of publication, distribution, etc. | 2006. |
| 263 ## - PROJECTED PUBLICATION DATE | |
| Projected publication date | 0603 |
| 300 ## - PHYSICAL DESCRIPTION | |
| Extent | xxi, 682 p.: |
| Other physical details | ill.; |
| Dimensions | 29 cm. |
| 504 ## - BIBLIOGRAPHY, ETC. NOTE | |
| Bibliography, etc. note | Includes bibliographical references and indexes. |
| 505 ## - FORMATTED CONTENTS NOTE | |
| Formatted contents note | Contents: An Overview of strategic retail management 1: An introduction to retailing -- Building and sustaining relationships in retailing -- Strategic planning in retailing -- Situation analysis: Retail institutions by ownership -- Retail institutions by store-based strategy mix -- Web, nonstore-based and other forms of nontraditional retailing -- Targeting customers and gathering information: Identifying and understanding consumers -- Information gathering and processing in retailing -- Choosing a store location: Trading-area analysis -- Site selection -- Managing a retail business: Retail organization and human resource management -- Operations management : Financial dimensions -- Operations management: operational dimensions -- Merchandise management and pricing: Developing merchandise plans -- Implementing merchandise plans -- Financial merchandise management -- Pricing in retailing -- Communicating with the customer: Establishing and maintaning a retail image -- Promotional strategy -- Putting it all together: Integrating and controlling the retail strategy. |
| 650 #0 - SUBJECT ADDED ENTRY--TOPICAL TERM | |
| Topical term or geographic name entry element | Retail trade |
| General subdivision | Management. |
| 700 1# - ADDED ENTRY--PERSONAL NAME | |
| Personal name | Evans, Joel R. |
| 906 ## - LOCAL DATA ELEMENT F, LDF (RLIN) | |
| a | 7 |
| b | cbc |
| c | orignew |
| d | 1 |
| e | ocip |
| f | 20 |
| g | y-gencatlg |
| 942 ## - ADDED ENTRY ELEMENTS (KOHA) | |
| Source of classification or shelving scheme | Library of Congress Classification |
| Koha item type | Books |
| Withdrawn status | Lost status | Source of classification or shelving scheme | Damaged status | Not for loan | Home library | Current library | Shelving location | Date acquired | Total Checkouts | Full call number | Barcode | Date last seen | Copy number | Price effective from | Koha item type |
|---|---|---|---|---|---|---|---|---|---|---|---|---|---|---|---|
| Library of Congress Classification | WISCONSIN INTERNATIONAL UNIVERSITY COLLEGE, GHANA - MAIN LIBRARY | WISCONSIN INTERNATIONAL UNIVERSITY COLLEGE, GHANA - MAIN LIBRARY | General Stacks | 29/05/2012 | HF5429.B45 | 2409/12 | 29/05/2012 | 1 | 29/05/2012 | Books | |||||
| Library of Congress Classification | WISCONSIN INTERNATIONAL UNIVERSITY COLLEGE, GHANA - MAIN LIBRARY | WISCONSIN INTERNATIONAL UNIVERSITY COLLEGE, GHANA - MAIN LIBRARY | General Stacks | 29/05/2012 | HF5429.B451 | 2410/12 | 29/05/2012 | 2 | 29/05/2012 | Books | |||||
| Library of Congress Classification | WISCONSIN INTERNATIONAL UNIVERSITY COLLEGE, GHANA - MAIN LIBRARY | WISCONSIN INTERNATIONAL UNIVERSITY COLLEGE, GHANA - MAIN LIBRARY | General Stacks | 29/05/2012 | HF5429.B452 | 2411/12 | 29/05/2012 | 3 | 29/05/2012 | Books | |||||
| Library of Congress Classification | WISCONSIN INTERNATIONAL UNIVERSITY COLLEGE, GHANA - MAIN LIBRARY | WISCONSIN INTERNATIONAL UNIVERSITY COLLEGE, GHANA - MAIN LIBRARY | General Stacks | 29/05/2012 | HF5429.B453 | 2412/12 | 29/05/2012 | 4 | 29/05/2012 | Books | |||||
| Library of Congress Classification | WISCONSIN INTERNATIONAL UNIVERSITY COLLEGE, GHANA - MAIN LIBRARY | WISCONSIN INTERNATIONAL UNIVERSITY COLLEGE, GHANA - MAIN LIBRARY | General Stacks | 29/05/2012 | HF5429.B454 | 2413/12 | 29/05/2012 | 5 | 29/05/2012 | Books | |||||
| Library of Congress Classification | WISCONSIN INTERNATIONAL UNIVERSITY COLLEGE, GHANA - MAIN LIBRARY | WISCONSIN INTERNATIONAL UNIVERSITY COLLEGE, GHANA - MAIN LIBRARY | General Stacks | 29/05/2012 | HF5429.B455 | 2414/12 | 29/05/2012 | 6 | 29/05/2012 | Books |
